ბათუმის შოთა რუსთაველის სახელმწიფო უნივერსიტეტის ბიბლიოთეკა

The Theory of English Grammar. (ბიბ.ჩანაწერი № 35528)

000 -LEADER
fixed length control field 00505nam a2200217Ia 4500
001 - CONTROL NUMBER
control field 1389
003 - CONTROL NUMBER IDENTIFIER
control field GE_BSU
008 - FIXED-LENGTH DATA ELEMENTS--GENERAL INFORMATION
fixed length control field 181216s||||||||xx |||||||||||||| ||und||
020 ## - INTERNATIONAL STANDARD BOOK NUMBER
International Standard Book Number 9992879606
040 ## - CATALOGING SOURCE
Transcribing agency GE_BSU
080 ## - UNIVERSAL DECIMAL CLASSIFICATION NUMBER
Universal Decimal Classification number 811.111(075.8)
100 ## - MAIN ENTRY--PERSONAL NAME
Personal name Megrelishvili, madona.
245 #4 - TITLE STATEMENT
Title The Theory of English Grammar.
260 ## - PUBLICATION, DISTRIBUTION, ETC.
Place of publication, distribution, etc. Kutaisi
260 ## - PUBLICATION, DISTRIBUTION, ETC.
Date of publication, distribution, etc. 2009
300 ## - PHYSICAL DESCRIPTION
Extent 143c.
653 ## - INDEX TERM--UNCONTROLLED
Uncontrolled term English Grammar.
653 ## - INDEX TERM--UNCONTROLLED
Uncontrolled term ინგლისური ენა
942 ## - ADDED ENTRY ELEMENTS (KOHA)
Koha item type წიგნი
ეგზემპლარები
Withdrawn status Lost status Damaged status Not for loan Date acquired Barcode Date last seen Price effective from Koha item type
        2018-12-17 2564 2018-12-17 2018-12-17 წიგნი
        2018-12-17 2563 2018-12-17 2018-12-17 წიგნი
        2018-12-17 2565 2018-12-17 2018-12-17 წიგნი
        2018-12-17 2566 2018-12-17 2018-12-17 წიგნი
        2018-12-17 2567 2018-12-17 2018-12-17 წიგნი
        2018-12-17 2568 2018-12-17 2018-12-17 წიგნი
        2018-12-17 2569 2018-12-17 2018-12-17 წიგნი
        2018-12-17 2570 2018-12-17 2018-12-17 წიგნი
        2018-12-17 2571 2018-12-17 2018-12-17 წიგნი
        2018-12-17 2572 2018-12-17 2018-12-17 წიგნი